SNL - Men Playing Women II Quiz Stats

 Plays Quiz Updated Jan 14, 2018

Challenge
Share
Tweet
Score 0/15 Timer 03:00
3 Plays Today
% Correct
Chris Pratt
(as Marvel's Princess Leia)
93%
Joseph Gordon-Levitt
(as Evelyn)
90%
Jake Gyllenhaal
(as Effie from Dreamgirls|
himself)
86.6%
Antonio Banderas
(as himself|
Guadalupe|Lupita)
85.7%
John Candy
(as Candace)
85.7%
John C. Reilly
(as Jennifer)
85.4%
Rudy Giuliani
(as Mrs. Silvestri)
83.9%
Jack Black
(as Melissa Baker)
80.5%
% Correct
Jim Carrey
(as Lily, the Black Swan)
80.1%
Russell Brand
(as a British lady)
79.2%
Eli Manning
(as Miss Chicken Fried Steak)
74.3%
David Wells
(as a Yankee wives rival)
71.3%
Bruno Mars
(as Crystal Fust)
65.3%
Paul Rudd
(as holiday movie grandma|
himself)
63.6%
Garth Brooks
(as Coco)
51%

You're not logged in!

Compare scores with friends on all Sporcle quizzes.
OR
Log In

You Might Also Like...

Show Comments

Extras

Top Quizzes Today


Score Distribution

Your Account Isn't Verified!

In order to create a playlist on Sporcle, you need to verify the email address you used during registration. Go to your Sporcle Settings to finish the process.

Report this User

Report this user for behavior that violates our Community Guidelines.

Details: